Rupaul's drag race gagnantes (US regular seasons) - Statistiques

Statistiques générales
  • Ce quiz a été pris 15 fois
  • Le résultat moyen est 13 sur 18
Statistiques - réponses
Hint Réponse % Correct
S10 Aquaria
100%
S8 Bob the drag queen
100%
S14 Willow Pill
100%
S1 Bebe Zahara Benet
93%
S6 Bianca del Rio
93%
S4 Sharon Needles
93%
S9 Sasha Velour
86%
S7 Violet Chachki
79%
S11 Yvie Oddly
79%
S12 Jaida Essence Hall
71%
S5 Jinx Monsoon
71%
S17 Onya Nurve
71%
S15 Sasha Colby
71%
S13 Symone
71%
S16 Nymphia Wind
57%
S18 Myki Meeks
43%
S3 Raja Gemini
43%
S2 Tyra Banks
0%
Aucun quiz correspondant
Distribution des résultats
% des personnes avec chaque résultat
Percentile par nombre de réponses
Votre historique - résultats
Vous n’avez pas pris ce quiz